000 00622nam a2200241Ia 4500
001 45777
005 20240114003725.0
007 ta
008 090321s1982 a g b000 u 465 u
020 _cHB
040 _aCotton College,Assam
041 _a465
082 _a822.91
_bMAC
100 _aMacdolald, Robert David .
245 0 _aSummit Conference /
_cRobert David Macdonald.
_hTextual Documents
250 _a1st /
260 _anl :
_bAmber Lane Press ,
_c1982.
300 _a60p. :
_bill. ;
_c12 cm. .
653 _aT/G-English
942 _2ddc
_cBK
999 _c45742
_d45742